The case of lady sannox : (Record no. 105930)

MARC details
000 -LEADER
fixed length control field 00602nam a22001937a 4500
005 - DATE AND TIME OF LATEST TRANSACTION
control field 20170120150958.0
010 ## - LCCN (DPL NO)
LC control number ENG-117129
020 ## - INTERNATIONAL STANDARD BOOK NUMBER
International Standard Book Number 9789386050809
Terms of availability 250.00
035 ## - SYSTEM CONTROL NUMBER
System control number EN-100661
037 ## - SOURCE OF ACQUISITION
Source of stock number/acquisition DBAD/PUB
082 ## - DEWEY DECIMAL CLASSIFICATION NUMBER
Classification number S
100 ## - MAIN ENTRY--PERSONAL NAME
Personal name Doyle,Arthur Conan
245 ## - TITLE STATEMENT
Title The case of lady sannox :
Statement of responsibility, etc by Arthur Conan Doyle ; introduction by Jerry Pinto
Remainder of title Medical mysteries and other adventures /
260 ## - PUBLICATION, DISTRIBUTION, ETC. (IMPRINT)
Place of publication, distribution, etc New Delhi
Name of publisher, distributor, etc Speaking Tiger
Date of publication, distribution, etc 2016
270 ## - ADDRESS
Address 4381/4, Ansari Road,Daryaganj,
City New Delhi
Postal code 110002
300 ## - PHYSICAL DESCRIPTION
Extent 231p.
Dimensions 19cm(pbk)
700 ## - ADDED ENTRY--PERSONAL NAME
Personal name Pinto,Jerry
942 ## - ADDED ENTRY ELEMENTS (KOHA)
Source of classification or shelving scheme Dewey Decimal Classification
Item type English Books
Classification part S
Call number suffix DOY
Holdings
Withdrawn status Lost status Not for loan Collection code Home library Current library Date acquired Source of acquisition Cost, normal purchase price Full call number Barcode Copy number Cost, replacement price Koha item type
      Fiction Bawana Bawana 20/01/2017 DBAD/PUB 250.00 S DOY EN-100661 1 250.00 English Books

© Delhi Public Library
Hit Counter
free hit counter